Basic Indonesian - Click to Translate #4 - Statistics

General Stats
  • This quiz has been taken 24 times
  • The average score is 12 of 21
Answer Stats
Hint Answer % Correct
Kucing Cat
88%
Garasi Garage
76%
Anjing Dog
71%
Kamar tidur Bedroom
65%
Meja makan Dining table
65%
Burung Bird
59%
Rumah House
59%
Kamar Room
59%
Pintu Door
53%
Kebun Garden
53%
Dapur Kitchen
53%
Ruang tamu Living room
53%
Binatang peliharaan Pet
53%
Tangga Stairs
53%
Jendela Window
53%
Tingkat Level/storey
47%
Kelinci Rabbit
47%
Tong sampah Rubbish bin
47%
Kamar kecil Bathroom
41%
Kereta Car
41%
Kamar mandi Shower
24%
No matching quizzes found
Score Distribution
Percent of People with Each Score
Percentile by Number Answered
Your Score History
You have not taken this quiz